| 000 | 00560nam a22001817a 4500 | ||
|---|---|---|---|
| 999 |
_c264476 _d264475 |
||
| 003 | OSt | ||
| 005 | 20240906140517.0 | ||
| 008 | 240906b xxu||||| |||| 00| 0 eng d | ||
| 020 | _a9280312898 | ||
| 040 | _cRU | ||
| 050 |
_aLB2822.75 _b.C76 2006 |
||
| 110 | _aUNESCO IIEP | ||
| 245 |
_aCross-National Studies of the Quality of Education: _bPlanning their Design and Managing their Impact _cedited by Kenneth N. Ross & Ilona Jurgens Genevois |
||
| 260 |
_aParis, France _bUNESCO _bIIEP _c2006 |
||
| 300 | _a320p. | ||
| 490 | _aPolicy Forum | ||
| 942 |
_2lcc _cJN |
||